1356 1136 1376 1050 1573 1429 1324 1735 1839 1537 1462 1934 1944 1117 1636 1872 1253 1445 1534 1379 1350 1520 1445 1322 1098 1698 1838 1430 1675 1520 1616 1302 1398 1498 1242 1039 1685 1267 1815 1414 1448 1474 1744 1067 1451 1729 1978 1935 1779 1309 1309 1614 1909 1123 1471 1637 1649 1205 1015 1811 1861 1534 1572 1215 1902 1372 1872 1204 1868 1503 1865 1258 1251 1907 1738 1733 1258 1436 1736 1180 1174 1847 1539 1827 1379 1746 1471 1758 1468 1989 1383 1803 1989 1472 1890 1360 1204 1111 1258 BCNSPRNW ULIB Ver.6.0+V

เปลี่ยนเป็นภาษาไทย

Change to English
 แสดงรายละเอียดบรรณานุกรม
  กลับหน้าหลัก

Brief Record : Get Marc (ISO 2709) : E-mail record : QR code < ปิดหน้าต่าง
LEADER : 00000nam 2200000uu 4500
001    13399113325
003     ULIB
008    111102s2553||||th 000 0 tha d
020    9786165051231 (ล.2)
060 04 WY160^bม246ก ล.2 2553
110 2  มหาวิทยาลัยสุโขทัยธรรมาธิราช. ^bสาขาวิชาพยาบาลศาสตร์
245 10 การส่งเสริมสุขภาพจิตและการพยาบาลจิตเวช หน่วยที่ 8-15=^bMental healthpromotion and psychiatric nursing /^cสาขาวิชาพยาบาลศาสตร์ มหาวิทยาลัยสุโขทัยธรรมาธิราช
250    พิมพ์ครั้งที่ 10
260    นนทบุรี :^bสำนักพิมพ์มหาวิทยาลัยสุโขทัยธรรมาธิราช,^c2553
300    478 หน้า. ;^c30 ซม.
500    "เอกสารการสอนชุดวิชา 51102 หน่วยที่ 8-15" --หน้าปกใน
650  7 การพยาบาลจิตเวชศาสตร์
650  7 การส่งเสริมสุขภาพจิต
945    ^p0^l0^i030669
945    ^p0^l0^i030670
945    ^p0^l0^i030671
945    ^p0^l0^i030672
945    ^p0^l0^i030673
945    ^p0^l0^i030674
995    ทศพร
999 ^a ทศพร
รายการนี้ยังไม่มีแท็ก
คุณยังไม่ได้ล็อกอิน คุณสามารถมีกิจกรรมร่วมกับเว็บไซต์ได้ แต่ต้องล็อกอินก่อน ::
  ล็อกอิน

รายการสื่อสารสนเทศ

ลำดับที่ ประเภท เลขเรียก/บาร์โค้ด สถานที่ สถานะ
1. วิทยาศาสตร์การแพทย์ และสุขภาพ
หนังสือสำรอง
สถานะ=หนังสือสำรอง
WY160 ม246ก ล.2 2553 ฉ.1 
  Barcode: 030669
ห้องสมุดวิทยาเขตสวรรค์ประชารักษ์
►ส่วนจัดเก็บหนังสือเก่า สปร
บนชั้น
  ขอยืม
2. วิทยาศาสตร์การแพทย์ และสุขภาพ
วิทยาศาสตร์การแพทย์ และสุขภาพ
WY160 ม246ก ล.2 2553 ฉ.2 
  Barcode: 030670
ห้องสมุดวิทยาเขตสวรรค์ประชารักษ์
►ส่วนจัดเก็บหนังสือเก่า สปร
บนชั้น
  ขอยืม
3. วิทยาศาสตร์การแพทย์ และสุขภาพ
วิทยาศาสตร์การแพทย์ และสุขภาพ
WY160 ม246ก ล.2 2553 ฉ.4 
  Barcode: 030672
ห้องสมุดวิทยาเขตสวรรค์ประชารักษ์
►ส่วนจัดเก็บหนังสือเก่า สปร
บนชั้น
  ขอยืม
4. วิทยาศาสตร์การแพทย์ และสุขภาพ
วิทยาศาสตร์การแพทย์ และสุขภาพ
WY160 ม246ก ล.2 2553 ฉ.5 
  Barcode: 030673
ห้องสมุดวิทยาเขตสวรรค์ประชารักษ์
►ส่วนจัดเก็บหนังสือเก่า สปร
บนชั้น
  ขอยืม
5. วิทยาศาสตร์การแพทย์ และสุขภาพ
วิทยาศาสตร์การแพทย์ และสุขภาพ
WY160 ม246ก ล.2 2553 ฉ.6 
  Barcode: 030674
ห้องสมุดวิทยาเขตสวรรค์ประชารักษ์
►ส่วนจัดเก็บหนังสือเก่า สปร
บนชั้น
  ขอยืม

รายการใกล้เคียง
    หัวเรื่อง [การพยาบาลจิตเวชศาสตร์]
    หัวเรื่อง [การส่งเสริมสุขภาพจิต]

BibComment


ยังไม่เคยถูกคอมเมนท์

คอมเมนท์ทรัพยากรรายการนี้
  คอมเมนท์: การส่งเสริมสุขภาพ..


 Copyright 2026. Bcnsprnw @Library